000 00830nas a2200265 4500
001 BR0402549
003 BR-BrBNA
005 20231205104533.0
007 ta
008 230509b bl.|||p| |||| 00| 00por d
040 _aBR-BrBNA
_bpor
_cBiblioteca Nacional de Agricultura
041 _a(Pt)
072 _aF04
100 1 _aPrestes, N.E.
100 1 _aJacques, A.V.Á.
245 1 _aSobressemeadura do cornichão (Lotus corniculatus L.)cv. São Gabriel em pastagem natural - diferimento e adubação
650 _aCORNICHÃO
650 _aSEMEADURA
650 _aADUBAÇÃO
650 _aPASTAGEM NATURAL
650 _aRENDIMENTO
773 0 _tRevista de Ciências Agroveterinárias (Brazil)
_xISSN 1676-9732
_g(2002), v. 1(2) p. 73-81
_wBR0402549
909 _a202311
_bLúcia
_c55
_dLúcia Elande
942 _2AGRIS
_n0
_cANA
999 _c178598
_d178598